000 01073nas a2200289 4500
001 BR8901806
003 BR-BrBNA
005 20231205091520.0
007 ta
008 230509b bl.|||p| |||| 00| 00por d
040 _aBR-BrBNA
_bpor
_cBiblioteca Nacional de Agricultura
041 _a(Pt)
072 _aH20
100 1 _aLopes, M.E.B.M.
100 1 _aKimati, H.
245 1 _aAvaliacao da reacao de resistencia de genotipos de girassol (Helianthus annuus L.)a Macrophomina phaseolina (Tass.)Goid. no estadio adulto em condicoes de campo
246 1 _aEvaluation of the resistance of sunflower genotypes (Helianthus annuus L.)to Macrophomina phaseolina (Tass.)Goid. in the adult stage under field conditions
650 _aGIRASSOL
650 _aFUNGO
650 _aPODRIDAO DA RAIZ
650 _aPODRIDAO NEGRA
650 _aVARIEDADE RESISTENTE
650 _aVARIEDADE
773 0 _tSumma Phytopathologica (Brazil)
_xISSN 0100-5405
_g(Jul-Dec 1988), v. 14(3-4) p. 201-209
_wBR8901806
909 _a202311
_bLúcia
_c55
_dLúcia Elande
942 _2AGRIS
_n0
_cANA
999 _c125583
_d125583